<?xml version="1.0" encoding="UTF-8"?>
<marc:record xmlns:marc="http://www.loc.gov/MARC21/slim">
   <marc:leader>00000nam a2200000 a 4500</marc:leader>
   <marc:datafield ind1="1" ind2=" " tag="100">
      <marc:subfield code="a">Wahl, Carolin</marc:subfield>
      <marc:subfield code="4">aut</marc:subfield>
      <marc:subfield code="e">Verfasser/-in</marc:subfield>
   </marc:datafield>
   <marc:datafield ind1=" " ind2=" " tag="653">
      <marc:subfield code="a">Fiktionale Darstellung</marc:subfield>
   </marc:datafield>
   <marc:datafield ind1=" " ind2=" " tag="653">
      <marc:subfield code="a">Erzählende Literatur: Gegenwartsliteratur ab 1945</marc:subfield>
   </marc:datafield>
   <marc:datafield ind1=" " ind2=" " tag="653">
      <marc:subfield code="a">New Adult</marc:subfield>
   </marc:datafield>
   <marc:datafield ind1="0" ind2="0" tag="245">
      <marc:subfield code="a">Colliding hopes</marc:subfield>
   </marc:datafield>
   <marc:datafield ind1=" " ind2="1" tag="264">
      <marc:subfield code="b">Loewe Intense</marc:subfield>
      <marc:subfield code="c">2026</marc:subfield>
   </marc:datafield>
   <marc:datafield ind1="1" ind2=" " tag="490">
      <marc:subfield code="a">Driven Dreams-Dilogie</marc:subfield>
   </marc:datafield>
   <marc:datafield ind1="1" ind2=" " tag="520">
      <marc:subfield code="a">Prinzessin Aurora von Morena hat viele Regeln, diese ist die wichtigste: Date niemals einen Rennfahrer. Doch ausgerechnet in der Nähe von Formel 1-Fahrer Adrian Brunetti fühlt sich Aurora wirklich frei. Weswegen sie ihn in dieser einen, perfekten Julinacht aus einem Impuls heraus heiratet. Am nächsten Morgen will sie die Verbindung sofort wieder lösen, aber Adrian gerät beim Grand Prix von Morena in einen schrecklichen Unfall. Aus dem einstigen Sunny Boy wird ein verschlossener Typ. Nur bei Aurora blitzt der alte Adrian durch. Und so muss sie sich fragen, was es bedeutet, wenn sie ihre Regel bricht - hat sie doch schon einmal einen geliebten Menschen an den Sport verloren à (Verlagstext)</marc:subfield>
   </marc:datafield>
   <marc:datafield ind1=" " ind2=" " tag="020">
      <marc:subfield code="a">9783743221130</marc:subfield>
      <marc:subfield code="9">9783743221130</marc:subfield>
   </marc:datafield>
</marc:record>
